[Event "Tiznit op 5th"]
[Site "Tiznit"]
[Date "2024.01.14"]
[Round "6"]
[White "Lahrach, Said"]
[Black "Ouakhir, Pierre Mehdi"]
[Result "0-1"]
[WhiteElo "1942"]
[BlackElo "2180"]
[PlyCount "35"]
[EventDate "2024.01.11"]
[EventType "swiss"]
[EventRounds "7"]
[EventCountry "MAR"]
[SourceTitle "CB04_2024"]
[SourceDate "2023.10.16"]
[SourceVersion "1"]
[SourceVersionDate "2023.10.16"]
[SourceQuality "1"]

1. d4 d5 2. Nf3 Nf6 3. Bf4 Bf5 4. e3 e6 5. c3 h6 6. h3 Be7 7. Nbd2 Nbd7 8. Qb3 Qc8 9. g4 Bh7 10. Rg1 Ne4 11. c4 Nxd2 12. Nxd2 c6 13. Bd3 Bxd3 14. Qxd3 Bb4 15. 0-0-0 b5 16. c5 e5 17. Bg3 0-0 18. Nb3 0-1

[Event "Tiznit op 5th"]
[Site "Tiznit"]
[Date "2024.01.14"]
[Round "7"]
[White "Ouakhir, Pierre Mehdi"]
[Black "Zarkik, Abdeslam"]
[Result "1-0"]
[WhiteElo "2180"]
[BlackElo "2131"]
[PlyCount "57"]
[EventDate "2024.01.11"]
[EventType "swiss"]
[EventRounds "7"]
[EventCountry "MAR"]
[SourceTitle "CB04_2024"]
[SourceDate "2023.10.16"]
[SourceVersion "1"]
[SourceVersionDate "2023.10.16"]
[SourceQuality "1"]

1. d4 d5 2. c4 c6 3. Nc3 e6 4. e3 Nf6 5. Nf3 Nbd7 6. Bd3 dxc4 7. Bxc4 b5 8. Bd3 a6 9. e4 c5 10. e5 cxd4 11. Nxb5 axb5 12. exf6 Qb6 13. fxg7 Bxg7 14. Qe2 b4 15. 0-0 Bb7 16. Bf4 Nc5 17. Bb5+ Ke7 18. Ne5 Rhg8 19. Bg5+ Kf8 20. Rac1 f6 21. Rxc5 fxe5 22. Rfc1 Bf6 23. Bh6+ Kf7 24. Rc7+ Be7 25. Qh5+ Rg6 26. Bg5 Rag8 27. Rxe7+ Kf8 28. Qf3+ Bxf3 29. Rc8+ 1-0

[Event "Tiznit op 5th"]
[Site "Tiznit"]
[Date "2024.01.12"]
[Round "3"]
[White "Ouakhir, Pierre Mehdi"]
[Black "Benfatah, Abderrahmane"]
[Result "1-0"]
[WhiteElo "2180"]
[BlackElo "2000"]
[PlyCount "89"]
[EventDate "2024.01.11"]
[EventType "swiss"]
[EventRounds "7"]
[EventCountry "MAR"]
[SourceTitle "CB04_2024"]
[SourceDate "2023.10.16"]
[SourceVersion "1"]
[SourceVersionDate "2023.10.16"]
[SourceQuality "1"]

1. d4 Nf6 2. Bg5 d5 3. Nd2 Bf5 4. e3 Nbd7 5. c4 c6 6. Qb3 Qb6 7. c5 Qxb3 8. axb3 a6 9. b4 0-0-0 10. Ngf3 Ne4 11. Bf4 f6 12. Rxa6 e5 13. Ra8+ Kc7 14. Rxd8 Kxd8 15. dxe5 g5 16. Bg3 Nxg3 17. hxg3 Nxe5 18. Nxe5 fxe5 19. Nf3 Rg8 20. Nxe5 Bg7 21. Nf7+ Kc7 22. Kd2 d4 23. exd4 Bxd4 24. Nd6 Bg6 25. Bd3 Rd8 26. Bxg6 hxg6 27. Rh7+ Rd7 28. Rxd7+ Kxd7 29. Nxb7 Bxf2 30. Kd3 Bxg3 31. Kc4 Kc7 32. Na5 Be1 33. Nb3 Bg3 34. Nd4 Be5 35. b5 cxb5+ 36. Nxb5+ Kb7 37. b4 Bg3 38. Nc3 Bf4 39. Nd5 Bg3 40. b5 Be5 41. c6+ Kc8 42. b6 Bd6 43. Kb5 g4 44. b7+ Kd8 45. Kb6 1-0

[Event "Casablanca Mohammed op 4th"]
[Site "Casablanca"]
[Date "2023.08.14"]
[Round "1"]
[White "Ouakhir, Pierre Mehdi"]
[Black "Ghasi, Ameet K"]
[Result "0-1"]
[WhiteElo "2216"]
[BlackElo "2506"]
[PlyCount "60"]
[EventDate "2023.08.14"]
[EventType "swiss"]
[EventRounds "9"]
[EventCountry "MAR"]
[SourceTitle "CBM 215 Extra"]
[Source "ChessBase"]
[SourceDate "2023.09.30"]
[SourceVersion "1"]
[SourceVersionDate "2023.09.30"]
[SourceQuality "1"]

1. d4 Nf6 2. c4 g6 3. Nc3 Bg7 4. e4 d6 5. f3 0-0 6. Nge2 a6 7. Be3 b5 8. Qd2 Nbd7 9. Bh6 c6 10. h4 b4 11. Nd1 e5 12. h5 d5 13. cxd5 cxd5 14. hxg6 fxg6 15. Bxg7 Kxg7 16. Qh6+ Kg8 17. Ne3 Bb7 18. Rd1 Qe7 19. dxe5 Nxe5 20. Nf4 dxe4 21. Rd5 Bxd5 22. Nexd5 Nxd5 23. Nxd5 Qa7 24. Qg5 Rae8 25. f4 Nd3+ 26. Bxd3 exd3+ 27. Kd2 Qf2+ 28. Kxd3 Qe2+ 29. Kd4 Qe4+ 30. Kc5 Rf5 0-1

[Event "Tiznit op 4th"]
[Site "Tiznit"]
[Date "2022.02.08"]
[Round "6"]
[White "Ouakhir, Pierre Mehdi"]
[Black "Akhrof, Lissandine"]
[Result "1-0"]
[WhiteElo "2193"]
[BlackElo "2153"]
[PlyCount "71"]
[EventDate "2022.02.06"]
[EventType "swiss"]
[EventRounds "9"]
[EventCountry "MAR"]
[SourceTitle "EXT 2023"]
[Source "ChessBase"]
[SourceDate "2022.10.05"]
[SourceVersion "1"]
[SourceVersionDate "2022.10.05"]
[SourceQuality "1"]

1. d4 d5 2. c4 e6 3. Nc3 Nf6 4. cxd5 exd5 5. Bg5 Be7 6. Qc2 0-0 7. Nf3 Nbd7 8. e3 c6 9. Bd3 Re8 10. 0-0 Nf8 11. Bxf6 Bxf6 12. b4 a6 13. a4 Be6 14. b5 cxb5 15. axb5 a5 16. b6 Be7 17. Bb5 Bd7 18. Qa4 Bc6 19. Ne5 Bb4 20. Bxc6 Rxe5 21. Bxb7 Rb8 22. dxe5 Bxc3 23. Rac1 d4 24. Qc6 Ne6 25. Rfd1 Qf8 26. Ba6 Nd8 27. Qb5 Qb4 28. Qe8+ Qf8 29. Qxf8+ Kxf8 30. b7 Nxb7 31. exd4 Bb4 32. Rc7 Nd8 33. Rdc1 a4 34. Rc8 Rxc8 35. Rxc8 Ke7 36. Rc4 1-0

[Event "Tiznit op 4th"]
[Site "Tiznit"]
[Date "2022.02.08"]
[Round "5"]
[White "Skalli, Taoufik"]
[Black "Ouakhir, Pierre Mehdi"]
[Result "0-1"]
[WhiteElo "1975"]
[BlackElo "2193"]
[PlyCount "80"]
[EventDate "2022.02.06"]
[EventType "swiss"]
[EventRounds "9"]
[EventCountry "MAR"]
[SourceTitle "EXT 2023"]
[Source "ChessBase"]
[SourceDate "2022.10.05"]
[SourceVersion "1"]
[SourceVersionDate "2022.10.05"]
[SourceQuality "1"]

1. e4 e5 2. Nf3 Nc6 3. Bb5 d6 4. d4 Bd7 5. d5 Nce7 6. Bxd7+ Qxd7 7. 0-0 h6 8. c4 g5 9. Ne1 Ng6 10. Nd3 N8e7 11. Nc3 Nf4 12. Bxf4 exf4 13. e5 Bg7 14. e6 fxe6 15. Qh5+ Kf8 16. dxe6 Qxe6 17. Nd5 Nxd5 18. cxd5 Qxd5 19. Nxf4 Qf7 20. Ng6+ Kg8 21. g4 Rh7 22. f4 Bd4+ 23. Kg2 Re8 24. Rae1 Qd5+ 25. Kg3 Rxe1 26. Rxe1 gxf4+ 27. Nxf4 Qxh5 28. Nxh5 Bxb2 29. Re8+ Kf7 30. Rb8 Be5+ 31. Kf3 b6 32. Rb7 Ke6 33. Rxa7 Bxh2 34. a4 Rf7+ 35. Ke2 Be5 36. a5 bxa5 37. Rxa5 c5 38. Ra6 Kd5 39. Rb6 Ke4 40. Rc6 Ra7 0-1

[Event "El Ksiba op"]
[Site "El Ksiba"]
[Date "2019.04.09"]
[Round "3"]
[White "Maksimenko, Andrei"]
[Black "Ouakhir, Pierre Mehdi"]
[Result "1-0"]
[WhiteElo "2461"]
[BlackElo "2217"]
[PlyCount "43"]
[EventDate "2019.04.08"]
[EventType "swiss"]
[EventRounds "9"]
[EventCountry "MAR"]
[SourceTitle "CBM 189 Extra"]
[Source "ChessBase"]
[SourceDate "2019.06.03"]
[SourceVersion "1"]
[SourceVersionDate "2019.06.03"]
[SourceQuality "1"]

1. d4 d5 2. c4 e6 3. Nf3 c6 4. g3 Nf6 5. Nbd2 Nbd7 6. Bg2 Bd6 7. 0-0 0-0 8. Re1 b6 9. b3 Bb7 10. Bb2 Qc7 11. Qc2 c5 12. cxd5 exd5 13. Rac1 Rac8 14. Bh3 Ne4 15. Nxe4 dxe4 16. Ng5 Rce8 17. dxc5 Nxc5 18. b4 h6 19. bxc5 Bxc5 20. Qc3 f5 21. Qb3+ Kh8 22. Ne6 1-0

[Event "FRA-chT Top 12"]
[Site "Chartres"]
[Date "2017.05.26"]
[Round "9.4"]
[White "Shoker, Samy"]
[Black "Ouakhir, Pierre Mehdi"]
[Result "1-0"]
[WhiteElo "2498"]
[BlackElo "2277"]
[PlyCount "58"]
[EventDate "2017.05.18"]
[EventType "team-tourn"]
[EventRounds "11"]
[EventCountry "FRA"]
[SourceTitle "CBM 178 Extra"]
[Source "ChessBase"]
[SourceDate "2017.06.22"]
[SourceVersion "1"]
[SourceVersionDate "2017.06.22"]
[SourceQuality "1"]
[WhiteTeam "Bois Colombes"]
[BlackTeam "Montpellier"]
[WhiteTeamCountry "FRA"]
[BlackTeamCountry "FRA"]

1. Nf3 d5 2. c4 c6 3. g3 Nf6 4. Bg2 e6 5. b3 Nbd7 6. Bb2 Bd6 7. 0-0 0-0 8. Nc3 Re8 9. d4 dxc4 10. bxc4 e5 11. e3 exd4 12. exd4 b6 13. Ng5 Bb7 14. c5 Be7 15. Qb3 Rf8 16. Rfe1 Rb8 17. cxb6 axb6 18. Rad1 Nd5 19. Nxd5 Bxg5 20. Nb4 Qc7 21. d5 cxd5 22. Nxd5 Bxd5 23. Bxd5 Nc5 24. Qc4 h5 25. Be5 Qa7 26. Bb2 Qc7 27. h4 Rfe8 28. g4 Bh6 29. g5 Qf4 1-0

[Event "FRA-chT Top 12"]
[Site "Chartres"]
[Date "2017.05.25"]
[Round "8.4"]
[White "Ouakhir, Pierre Mehdi"]
[Black "Nataf, Igor Alexandre"]
[Result "1-0"]
[WhiteElo "2277"]
[BlackElo "2535"]
[PlyCount "79"]
[EventDate "2017.05.18"]
[EventType "team-tourn"]
[EventRounds "11"]
[EventCountry "FRA"]
[SourceTitle "CBM 178 Extra"]
[Source "ChessBase"]
[SourceDate "2017.06.22"]
[SourceVersion "1"]
[SourceVersionDate "2017.06.22"]
[SourceQuality "1"]
[WhiteTeam "Montpellier"]
[BlackTeam "Strasbourg"]
[WhiteTeamCountry "FRA"]
[BlackTeamCountry "FRA"]

1. d4 g6 2. c4 Bg7 3. Nc3 Nf6 4. e4 d6 5. Nge2 0-0 6. f3 c5 7. d5 e6 8. Ng3 exd5 9. cxd5 h5 10. Be2 Nh7 11. Be3 h4 12. Nf1 Nd7 13. Qd2 a6 14. a4 f5 15. exf5 gxf5 16. g3 Re8 17. gxh4 Qxh4+ 18. Bf2 Qb4 19. Rg1 Ne5 20. 0-0-0 f4 21. Qc2 Rf8 22. Ne4 Bd7 23. Be1 Qxa4 24. Nxd6 Qxc2+ 25. Kxc2 Rf6 26. Bc3 Rg6 27. Nd2 Nf8 28. N2c4 Nxc4 29. Bxc4 Bxc3 30. Kxc3 b5 31. Bd3 Rg7 32. Rxg7+ Kxg7 33. Rg1+ Kf6 34. Ne4+ Kf7 35. Nxc5 Bh3 36. Kd4 Re8 37. Ne4 Ke7 38. Rg7+ Kd8 39. Nc5 Re3 40. Rf7 1-0

[Event "FRA-chT Top 12"]
[Site "Chartres"]
[Date "2017.05.20"]
[Round "3.5"]
[White "Ouakhir, Pierre Mehdi"]
[Black "Bellahcene, Bilel"]
[Result "1/2-1/2"]
[WhiteElo "2277"]
[BlackElo "2452"]
[PlyCount "79"]
[EventDate "2017.05.18"]
[EventType "team-tourn"]
[EventRounds "11"]
[EventCountry "FRA"]
[SourceTitle "CBM 178 Extra"]
[Source "ChessBase"]
[SourceDate "2017.06.22"]
[SourceVersion "1"]
[SourceVersionDate "2017.06.22"]
[SourceQuality "1"]
[WhiteTeam "Montpellier"]
[BlackTeam "Tremblay en France"]
[WhiteTeamCountry "FRA"]
[BlackTeamCountry "FRA"]

1. d4 Nf6 2. Bg5 Ne4 3. h4 d5 4. Nd2 Nxg5 5. hxg5 g6 6. e3 Bg7 7. f4 c6 8. Qf3 a5 9. g4 e6 10. Rh2 Nd7 11. Qh1 Nf8 12. Ngf3 Bd7 13. Bd3 c5 14. c3 cxd4 15. exd4 Qc7 16. Ne5 Bxe5 17. fxe5 Qd8 18. Rf2 Qxg5 19. Qf3 0-0-0 20. Qxf7 h5 21. Qf6 Qe3+ 22. Be2 Nh7 23. Qxg6 Rdg8 24. Qd3 Qxd3 25. Bxd3 hxg4 26. Bxh7 Rxh7 27. 0-0-0 Rhg7 28. Rg1 g3 29. Rfg2 Bb5 30. Nf1 Bxf1 31. Rxf1 Kd7 32. Kd2 b5 33. Ke3 b4 34. Rfg1 Kc6 35. Rf1 Kb5 36. Kd3 Kc6 37. Rf3 Rg6 38. Ke3 Kb5 39. Kd3 Kc6 40. Ke3 1/2-1/2

[Event "FRA-chT Top 12"]
[Site "Chartres"]
[Date "2017.05.19"]
[Round "2.3"]
[White "Gledura, Benjamin"]
[Black "Ouakhir, Pierre Mehdi"]
[Result "1-0"]
[WhiteElo "2602"]
[BlackElo "2277"]
[PlyCount "75"]
[EventDate "2017.05.18"]
[EventType "team-tourn"]
[EventRounds "11"]
[EventCountry "FRA"]
[SourceTitle "CBM 178 Extra"]
[Source "ChessBase"]
[SourceDate "2017.06.22"]
[SourceVersion "1"]
[SourceVersionDate "2017.06.22"]
[SourceQuality "1"]
[WhiteTeam "Mulhouse Philidor"]
[BlackTeam "Montpellier"]
[WhiteTeamCountry "FRA"]
[BlackTeamCountry "FRA"]

1. e4 e5 2. Nf3 Nc6 3. Bc4 Bc5 4. d3 Nf6 5. 0-0 d6 6. c3 a6 7. Re1 Ba7 8. Bb3 0-0 9. h3 Ne7 10. Nbd2 Ng6 11. Nf1 Nh5 12. Bg5 Qe8 13. Be3 Kh8 14. d4 Nhf4 15. Ng3 f5 16. exf5 Bxf5 17. Nxf5 Rxf5 18. Bc2 Rf6 19. dxe5 dxe5 20. Bxa7 Rxa7 21. Nxe5 Nxe5 22. Rxe5 Qf8 23. Qg4 Ra8 24. Rae1 Qd6 25. Re7 Ng6 26. Bxg6 hxg6 27. Qh4+ Kg8 28. Qc4+ Kf8 29. Qxc7 Qxc7 30. Rxc7 Rf7 31. Rxf7+ Kxf7 32. Rd1 b5 33. Rd7+ Kf6 34. Rd6+ Kf7 35. Rb6 Rd8 36. Rxa6 Rd1+ 37. Kh2 Rd2 38. b4 1-0

[Event "Arab Clubs-chT"]
[Site "Marrakesh"]
[Date "2016.12.06"]
[Round "4"]
[White "Ouakhir, Pierre Mehdi"]
[Black "Mahmoud, Abdelrahman"]
[Result "1-0"]
[WhiteElo "2240"]
[BlackElo "2040"]
[PlyCount "28"]
[EventDate "2016.12.02"]
[EventType "team-tourn"]
[EventRounds "7"]
[EventCountry "MAR"]
[SourceTitle "CBM 176 Extra"]
[Source "ChessBase"]
[SourceDate "2017.03.02"]
[SourceVersion "1"]
[SourceVersionDate "2017.03.02"]
[SourceQuality "1"]
[WhiteTeam "Nadi Al Quds"]
[BlackTeam "Alamana"]
[WhiteTeamCountry "PLE"]
[BlackTeamCountry "JOR"]

1. d4 d5 2. c4 e6 3. Nc3 c6 4. e3 Nf6 5. Nf3 Bd6 6. Bd3 0-0 7. e4 dxe4 8. Nxe4 Nxe4 9. Bxe4 Nd7 10. Bc2 Qa5+ 11. Bd2 Bb4 12. a4 Bxd2+ 13. Qxd2 Qxd2+ 14. Kxd2 c5 1-0

[Event "Arab Clubs-chT"]
[Site "Marrakesh"]
[Date "2016.12.02"]
[Round "1"]
[White "Bengherabi, Khalil"]
[Black "Ouakhir, Pierre Mehdi"]
[Result "0-1"]
[WhiteElo "2210"]
[BlackElo "2240"]
[PlyCount "80"]
[EventDate "2016.12.02"]
[EventType "team-tourn"]
[EventRounds "7"]
[EventCountry "MAR"]
[SourceTitle "CBM 176 Extra"]
[Source "ChessBase"]
[SourceDate "2017.03.02"]
[SourceVersion "1"]
[SourceVersionDate "2017.03.02"]
[SourceQuality "1"]
[WhiteTeam "Surete National"]
[BlackTeam "Nadi Al Quds"]
[WhiteTeamCountry "ALG"]
[BlackTeamCountry "PLE"]

1. e4 e5 2. Nf3 Nc6 3. d4 exd4 4. Nxd4 Bc5 5. Be3 Qf6 6. c3 Qg6 7. Qf3 Bxd4 8. Bxd4 Nge7 9. Nd2 Nxd4 10. cxd4 d5 11. e5 0-0 12. Bd3 Bf5 13. Bxf5 Nxf5 14. Nb3 Nh4 15. Qg3 Qe4+ 16. Kf1 Nf5 17. Qc3 f6 18. Re1 Qh4 19. e6 c6 20. h3 Rfe8 21. g3 Qg5 22. Kg2 Nh4+ 23. Kh2 Qf5 24. f4 Ng6 25. Qf3 h5 26. Rhf1 Nf8 27. g4 hxg4 28. hxg4 Qh7+ 29. Kg2 Rxe6 30. f5 Rxe1 31. Rxe1 g6 32. Nc5 Qh6 33. Re7 Qd2+ 34. Qf2 Qd1 35. Kg3 gxf5 36. gxf5 Nh7 37. Ne6 Qh5 38. Qf3 Qh6 39. Qg4+ Kh8 40. Qg6 Rg8 0-1

[Event "Marrakesh Sekkat op 9th"]
[Site "Marrakesh"]
[Date "2016.11.27"]
[Round "3"]
[White "Haznedaroglu, Kivanc"]
[Black "Ouakhir, Pierre Mehdi"]
[Result "1-0"]
[WhiteElo "2488"]
[BlackElo "2240"]
[PlyCount "49"]
[EventDate "2016.11.26"]
[EventType "swiss"]
[EventRounds "9"]
[EventCountry "MAR"]
[SourceTitle "EXT 2018"]
[Source "ChessBase"]
[SourceDate "2017.10.13"]
[SourceVersion "1"]
[SourceVersionDate "2017.10.13"]
[SourceQuality "1"]

1. c4 e6 2. Nf3 d5 3. e3 Nf6 4. Nc3 c6 5. Qc2 Nbd7 6. b3 Bd6 7. Bb2 0-0 8. Be2 Re8 9. Rg1 e5 10. g4 d4 11. exd4 exd4 12. Nxd4 Bxh2 13. Rh1 Bf4 14. 0-0-0 Nc5 15. Nf5 Rxe2 16. Nxe2 Nd3+ 17. Kb1 Nxg4 18. Nxg7 Bh6 19. Rxh6 Nxh6 20. Rg1 Kf8 21. Ba3+ c5 22. Rg3 Nb4 23. Bxb4 cxb4 24. Qxh7 Qxd2 25. Re3 1-0

[Event "Agadir zt 4.1"]
[Site "Agadir"]
[Date "2016.05.30"]
[Round "9"]
[White "Ouakhir, Pierre Mehdi"]
[Black "Achraf Hadj, Khoulti"]
[Result "1/2-1/2"]
[WhiteElo "2172"]
[BlackElo "2105"]
[PlyCount "61"]
[EventDate "2016.05.24"]
[EventType "swiss"]
[EventRounds "9"]
[EventCountry "MAR"]
[SourceTitle "CBM 172 Extra"]
[Source "ChessBase"]
[SourceDate "2016.06.21"]
[SourceVersion "1"]
[SourceVersionDate "2016.06.21"]
[SourceQuality "1"]

1. d4 d5 2. c4 e6 3. Nc3 Nf6 4. cxd5 exd5 5. Qc2 Be7 6. Bg5 0-0 7. e3 c6 8. Bd3 Nbd7 9. Nf3 h6 10. Bxf6 Bxf6 11. 0-0 Nb6 12. b4 Be6 13. Rab1 Nd7 14. a4 b6 15. Bh7+ Kh8 16. Bf5 Rc8 17. Bxe6 fxe6 18. Rfc1 c5 19. bxc5 bxc5 20. Nb5 a6 21. Nd6 Rc6 22. Nb7 Qc7 23. Nxc5 Rc8 24. g3 Nxc5 25. dxc5 Rxc5 26. Qxc5 Qxc5 27. Rxc5 Rxc5 28. Rb8+ Kh7 29. Rb4 Rc1+ 30. Kg2 Rc6 31. Nd4 1/2-1/2

[Event "Agadir zt 4.1"]
[Site "Agadir"]
[Date "2016.05.27"]
[Round "5"]
[White "El Adnani, Mokliss"]
[Black "Ouakhir, Pierre Mehdi"]
[Result "1/2-1/2"]
[WhiteElo "2403"]
[BlackElo "2172"]
[PlyCount "161"]
[EventDate "2016.05.24"]
[EventType "swiss"]
[EventRounds "9"]
[EventCountry "MAR"]
[SourceTitle "CBM 172 Extra"]
[Source "ChessBase"]
[SourceDate "2016.06.21"]
[SourceVersion "1"]
[SourceVersionDate "2016.06.21"]
[SourceQuality "1"]

1. c4 e6 2. d4 d5 3. Nf3 c6 4. e3 Nf6 5. Nc3 Nbd7 6. Qc2 Bd6 7. g4 Nxg4 8. Rg1 f5 9. h3 Ngf6 10. Rxg7 Kf8 11. Rg2 Rg8 12. Ng5 Qe7 13. Bd2 h6 14. Nf3 Ne4 15. Rxg8+ Kxg8 16. Bd3 Ndf6 17. Ne5 Nd7 18. Nf3 Ndf6 19. cxd5 exd5 20. 0-0-0 Bd7 21. Rg1+ Kf7 22. Ne2 Rg8 23. Nf4 Nxd2 24. Qxd2 Rxg1+ 25. Nxg1 Bxf4 26. exf4 Ne4 27. Qe3 Qh4 28. Bxe4 fxe4 29. Kd1 b6 30. Ke1 Qe7 31. a3 c5 32. Ne2 Qf6 33. Qb3 Be6 34. Qe3 cxd4 35. Nxd4 Bxh3 36. b4 Bd7 37. Kf1 a6 38. Kg1 h5 39. Kh1 h4 40. Kh2 Bg4 41. a4 h3 42. a5 bxa5 43. bxa5 Qg7 44. Nc2 Bd7 45. Ne1 Qg4 46. Qd2 Be6 47. Qe3 Kg6 48. Kh1 Kf5 49. Qa7 Kxf4 50. Qxa6 Qd1 51. Qf1 Qa4 52. Qg1 Qxa5 53. Qg3+ Kf5 54. Qxh3+ Kf6 55. Qh8+ Kf7 56. Qh7+ Kf8 57. Qh8+ Ke7 58. Ng2 Qd8 59. Qg7+ Ke8 60. Qe5 Qe7 61. Ne3 Kd8 62. Kg2 Kd7 63. Kg1 Qd6 64. Qd4 Kc6 65. Qa4+ Kc7 66. Qa7+ Kd8 67. Qd4 Kc7 68. Nc2 Qb6 69. Qg7+ Kb8 70. Nd4 Bc8 71. Qe5+ Qc7 72. Qxd5 Qg7+ 73. Kh2 Qc7+ 74. Kg2 Qg7+ 75. Kh2 Qc7+ 76. Kg1 Qg7+ 77. Kf1 Ba6+ 78. Ke1 Qg1+ 79. Kd2 Qxf2+ 80. Kc3 Qe3+ 81. Kb2 1/2-1/2

[Event "Agadir zt 4.1"]
[Site "Agadir"]
[Date "2016.05.26"]
[Round "4"]
[White "Ouakhir, Pierre Mehdi"]
[Black "Saber, Yasser"]
[Result "1/2-1/2"]
[WhiteElo "2172"]
[BlackElo "2189"]
[PlyCount "75"]
[EventDate "2016.05.24"]
[EventType "swiss"]
[EventRounds "9"]
[EventCountry "MAR"]
[SourceTitle "CBM 172 Extra"]
[Source "ChessBase"]
[SourceDate "2016.06.21"]
[SourceVersion "1"]
[SourceVersionDate "2016.06.21"]
[SourceQuality "1"]

1. d4 d6 2. c4 g6 3. e4 Bg7 4. Nc3 e5 5. d5 Nd7 6. Bd3 Nc5 7. Bc2 a5 8. a3 Bd7 9. Be3 Bh6 10. Bxh6 Nxh6 11. b4 axb4 12. axb4 Rxa1 13. Qxa1 Na6 14. Qa3 Qe7 15. Nge2 f5 16. Ba4 Nb8 17. Bxd7+ Qxd7 18. Qa7 Qc8 19. 0-0 0-0 20. c5 Na6 21. cxd6 cxd6 22. Qb6 Qc7 23. Qxc7 Nxc7 24. Ra1 Nf7 25. h4 Ra8 26. Rxa8+ Nxa8 27. exf5 gxf5 28. Ng3 Nh6 29. Nb5 Nb6 30. Nxd6 Nxd5 31. b5 f4 32. Nge4 b6 33. Nc4 Nf5 34. h5 Nd4 35. Ned6 e4 36. Nxe4 Nxb5 37. g3 fxg3 38. fxg3 1/2-1/2

[Event "Saint Affrique op 21st"]
[Site "Saint Affrique"]
[Date "2013.07.21"]
[Round "2"]
[White "Ouakhir, Pierre Mehdi"]
[Black "Forest, Eric"]
[Result "1-0"]
[WhiteElo "2202"]
[BlackElo "1799"]
[PlyCount "39"]
[EventDate "2013.07.20"]
[EventType "swiss"]
[EventRounds "9"]
[EventCountry "FRA"]
[SourceTitle "EXT 2014"]
[Source "ChessBase"]
[SourceDate "2013.11.20"]
[SourceVersion "1"]
[SourceVersionDate "2013.11.20"]
[SourceQuality "1"]

1. d4 d5 2. c4 c5 3. dxc5 d4 4. Nf3 Nc6 5. a3 Qa5+ 6. b4 Qd8 7. e3 Bg4 8. Be2 e5 9. Nxd4 Bxe2 10. Nxe2 Qxd1+ 11. Kxd1 f5 12. Bb2 Nf6 13. f3 e4 14. Kc2 0-0-0 15. Nd2 Be7 16. Rad1 Rd3 17. Nf4 Rxe3 18. Nf1 g5 19. Nxe3 gxf4 20. Nxf5 1-0

[Event "FRA-ch Accession"]
[Site "Nimes"]
[Date "2009.08.18"]
[Round "7"]
[White "Ouakhir, Pierre Mehdi"]
[Black "Lewis, John"]
[Result "1-0"]
[WhiteElo "2237"]
[BlackElo "2147"]
[PlyCount "55"]
[EventDate "2009.08.11"]
[EventType "swiss"]
[EventRounds "9"]
[EventCountry "FRA"]
[SourceTitle "CBM 132 Extra"]
[Source "ChessBase"]
[SourceDate "2009.11.03"]
[SourceVersion "1"]
[SourceVersionDate "2009.11.03"]
[SourceQuality "1"]

1. d4 d5 2. c4 e6 3. Nc3 c6 4. e3 Nf6 5. Nf3 Nbd7 6. Bd3 dxc4 7. Bxc4 b5 8. Bd3 a6 9. e4 c5 10. e5 cxd4 11. Nxb5 axb5 12. exf6 gxf6 13. 0-0 Qb6 14. Qe2 Bb7 15. Bf4 Bc6 16. Be4 Bxe4 17. Qxe4 Ra4 18. b3 Nc5 19. Qb1 Ra7 20. Nxd4 Rd7 21. Nf3 Qb7 22. a4 Rd3 23. axb5 Rg8 24. Bg3 Bd6 25. b4 Rxf3 26. gxf3 Qxf3 27. Qd1 Qf4 28. bxc5 1-0